000 01407nam a2200373 a 4500
008
020 _a9780323713337 (hardback)
040 _aNUST
_cNUST
049 _aMAIN
090 _aRC48
_bFER
245 1 0 _a2021 Ferri's clinical advisor/
_c edited by Manuel F DaSila ; Gregory L Fricchione ; Fred F Ferri ; Corey Elam Goldsmith ; Glenn G Fort ; Joseph S Kass ; Bharti Rathore ; Iris L Tong ; Daphne Scaramangas-Plumley ; John Wylie ; Anthony Sciscione & Jerry Yee.
260 _aPhiladelphia, PA :
_bElsevier,
_c2021.
300 _axlix, 2123 pages :
_billustrations ;
_c29 cm.
336 _atext
_btxt
_2rdacontent
337 _aunmediated
_bn
_2rdamedia
338 _avolume
_bnc
_2rdacarrier
500 _aIncludes index.
650 1 _aPrimary care (Medicine).
650 _aClinical medicine.
700 _aDaSilva, Manuel F.,
_aeditor.
700 _aFricchione, Gregory L.,
_aeditor.
700 _aFerri, Fred F.,
_aeditor.
700 _aGoldsmith, Corey Elam.,
_aeditor.
700 _aFort, Glenn G.,
_aeditor.
700 _aKass, Joseph S.,
_aeditor.
700 _aRathore, Bharti.,
_aeditor.
700 _aTong, Iris L.,
_aeditor.
700 _aScaramangas-Plumley, Daphne.,
_aeditor.
700 _aWylie, John.,
_aeditor.
907 _a.b10419962
_b19-12-22
_c19-12-22
003
005 20230120204352.0
942 _cBOOKS
_kRC48
_mFER
999 _c122007
_d122007